000 00522cam a2200145 4500500
005 20260301000717.0
041 _afre
042 _adc
100 1 0 _aArnould, Paul
_eauthor
245 0 0 _aJoëlle Salomon Cavin and Céline Granjou (eds), Quand l’écologie s’urbanise
260 _c2023.
500 _a7
786 0 _nQuestions de communication | o 42 | 2 | 2023-03-13 | p. 556-558 | 1633-5961
856 4 1 _uhttps://shs.cairn.info/journal-questions-de-communication-2022-2-page-556?lang=en&redirect-ssocas=7080
999 _c1672139
_d1672139